Employment Development in Slovakia: Why Economy Structure Metters

Gespeichert in:
Bibliographische Detailangaben
1. Verfasser: Hudcovský, Martin, 1988-
Weitere Verfasser: Fifeková, Elena
Format: Buchkapitel
Sprache:Englisch
Schlagworte:
Tags: Tag hinzufügen
Keine Tags, Fügen Sie das erste Tag hinzu!

MARC

LEADER 00000naa$a2200000$$$4500
001 0211369
005 20240502083528.8
041 0 |a eng 
044 |a SG 
245 1 0 |a Employment Development in Slovakia: Why Economy Structure Metters  |c Martin Hudcovský, Elena Fifeková 
500 |a Abstrakt 
610 2 0 |a Slovensko 
610 2 0 |a štruktúra ekonomická 
610 2 0 |a zamestnanosť 
100 1 |a Hudcovský, Martin, 1988- 
700 1 |a Fifeková, Elena